000
00249nam a2200109Ia 4500
008
200302s9999 xx 000 0 und d
100
_a
M David Egan
245
_a
Architectural Acoustics
260
_b
Ross Publishing
260
_c
2008
300
_a
411
999
_c
6793
_d
6793